000 00324 a2200157 4500
001 60931
020 _a8520915833
040 _cAnchieta - Pituba
100 _aLewis, Norman
240 1 0 _aNápoles, 1944
_lpor
245 1 0 _aNápoles, 1944
300 _a219
362 0 _a2003
650 4 _aHist. da Itália
942 _cBK
999 _c60931
_d60931